| Tag |
First Indicator |
Second Indicator |
Subfields |
| LEADER |
00000cim a2200000Ia 4500 |
| 001 |
in00002425348 |
| 005 |
20151109135358.0 |
| 007 |
sd fungnn|||ed |
| 008 |
080829s2008 nyunnnn z n eng d |
| 020 |
|
|
|a 9781427205162 (container)
|
| 020 |
|
|
|a 1427205167 (container)
|
| 024 |
3 |
|
|a 9781427205162
|d 53995
|
| 035 |
|
|
|a (OCoLC)ocn244621634
|
| 035 |
|
|
|a (OCoLC)244621634
|
| 040 |
|
|
|a SFR
|c SFR
|d UtOrBLW
|
| 049 |
|
|
|a TXAM
|
| 082 |
0 |
4 |
|a 363.325/16
|2 22
|
| 090 |
|
|
|a HV6431
|b .G23 2008b
|
| 100 |
1 |
|
|a Gabriel, Brigitte.
|
| 245 |
1 |
0 |
|a They must be stopped :
|b [why we must defeat radical Islam and how we can do it] /
|c Brigitte Gabriel.
|
| 264 |
|
1 |
|a New York :
|b Macmillan Audio,
|c [2008]
|
| 264 |
|
4 |
|c ℗2008
|
| 300 |
|
|
|a 7 sound discs (8 hr., 30 min.) :
|b digital ;
|c 4 3/4 in.
|
| 306 |
|
|
|a 083000
|
| 336 |
|
|
|a spoken word
|b spw
|2 rdacontent
|
| 337 |
|
|
|a audio
|b s
|2 rdamedia
|
| 338 |
|
|
|a audio disc
|b sd
|2 rdacarrier
|
| 500 |
|
|
|a Subtitle from container.
|
| 511 |
0 |
|
|a Read by the author.
|
| 500 |
|
|
|a Unabridged.
|
| 500 |
|
|
|a Compact discs.
|
| 520 |
|
|
|a Brigitte Gabriel has fearlessly faced down critics, death threats, and political correctness, and is one of the most sought after terrorism experts in the world. They Must Be Stopped is her clarion call to action. Gabriel thoroughly addresses the historical and religious basis of radical Islam, its frightening encroachment into societies around the world, and its abuses of democracy in the name of religion.--From publisher description.
|
| 500 |
|
|
|a Sound recording.
|
| 650 |
|
0 |
|a Terrorism.
|
| 650 |
|
0 |
|a Terrorism
|x Religious aspects
|x Islam.
|
| 655 |
|
7 |
|a Audiobooks.
|2 lcgft
|
| 710 |
2 |
|
|a Macmillan Audio (Firm)
|
| 948 |
|
|
|a cataloged
|b h
|c 2008/10/29
|d c
|e ceaton
|f 7:45:06 am
|
| 994 |
|
|
|a C0
|b TXA
|
| 999 |
|
|
|a MARS
|
| 999 |
f |
f |
|s 3b586187-70bf-3505-84c7-7d627d58bd1c
|i a0044cdd-441a-3a3d-b293-2d9a42c8b725
|t 0
|
| 952 |
f |
f |
|p ric
|a Texas A&M University
|b Rellis Campus
|c Joint Library Facility
|d Remote Storage
|t 0
|e HV6431 .G23 2008b
|h Library of Congress classification
|i audio -- audio disc
|m A14837366175
|
| 998 |
f |
f |
|a HV6431 .G23 2008b
|t 0
|l Remote Storage
|